Statistics for Natalie Portman Filmography

Click here to take the quiz!

General Stats

  • This quiz has been taken 235 times
    (62 since last reset)
  • The average score is 19 of 90

Answer Stats

TypeYearName% Correct
Film2010Black Swan
94%
Film1999Star Wars: Episode I - The Phantom Menace
82%
Film2005Star Wars: Episode III - Revenge of the Sith
80%
Film2002Star Wars: Episode II - Attack of the Clones
78%
Film2011Thor
78%
Film1994Léon: The Professional
76%
Film2013Thor: The Dark World
68%
Film2005V for Vendetta
68%
Film2022Thor: Love and Thunder
64%
Film2004Closer
54%
Film2016Jackie
54%
TV Show2006, 2018Saturday Night Live
52%
Film2018Annihilation
50%
Film2011No Strings Attached
50%
Film2019Avengers: Endgame
38%
Commercial2011-2022Dior
34%
Film2004Garden State
32%
Film1995Heat
32%
Film1996Mars Attacks!
32%
Film2008The Other Boleyn Girl
32%
Film2009Brothers
24%
Commercial2003-2004Lux Super Rich Shampoo
24%
Film2018Vox Lux
24%
Film2016Jane Got a Gun
22%
Film2019Lucy in the Sky
22%
Film2009New York, I Love You
22%
Film2000Where the Heart Is
22%
Film2003Cold Mountain
20%
Film1996Beautiful Girls
18%
Film2023May December
18%
TV Show2007, 2012The Simpsons
18%
Web Series2021What If...?
18%
Film2011Your Highness
18%
Film1999Anywhere but Here
16%
Film2007Mr. Magorium's Wonder Emporium
16%
Film2007The Darjeeling Limited
16%
Film2001Zoolander
16%
Documentary2018Dolphin Reef
14%
Film2007Hotel Chevalier
14%
Film2015Knight of Cups
14%
Film2006Paris, je t'aime
14%
TV Show2003, 2004Sesame Street
14%
Film2017Song to Song
14%
Director2008Eve
12%
Film1996Everyone Says I Love You
12%
Film2006Goya's Ghosts
12%
Film2010Hesher
12%
Film2016Planetarium
12%
Film2016Pride and Prejudice and Zombies
12%
Film2009The Other Woman
12%
Documentary Series2023Angel City
10%
TV Show2017Angie Tribeca
10%
Film2015A Tale of Love and Darkness
10%
TV Show2021Bluey
10%
Film2010I'm Still Here
10%
Film2007My Blueberry Nights
10%
Music Video2006Natalie's Rap
10%
Music Video2018Natalie's Rap 2.0
10%
Documentary Mini-Series2023Secrets of the Elephants
10%
Film2018The Death and Life of John F. Donovan
10%
Theater1996-1998The Diary of Anne Frank
10%
Music Video2007Dance Tonight
8%
Short Film1994Developing
8%
Film2005Free Zone
8%
Short Film2013Illusions & Mirrors
8%
Music Video2020Imagine (Stand for Corona)
8%
Music Video2012My Valentine
8%
Music Video2017My Willing Heart
8%
Film2015The Heyday of the Insensitive Bastards
8%
TV Mini-SeriesTBAThe Lady in the Lake
8%
Theater2001The Seagull
8%
TV Documentary2006Armenian Genocide
6%
Music Video2007Carmensita
6%
Documentary2017Eating Animals
6%
FilmTBAFoxy Trotter
6%
TV Documentary2004Hitler's Pawn: The Margaret Lambert Story
6%
Commercial2019-2022MasterClass
6%
TV Documentary2007Saving a Species: Gorillas on the Brink
6%
Short Film2004True
6%
TV Mini-SeriesTBAWe Are All Completely Beside Ourselves
6%
Web Series2017Back-to-Back Chef
4%
TV Show2013Celebrity Style Story
4%
Theater1992Choices
4%
Commercial2022GEICO
4%
Director2022Haute Saison
4%
Commercial2002-2003Mt. Rainier Caffe Latte
4%
TV Show2008Project Runway
4%
TV Show2022Running Wild with Bear Grylls
4%
Theater1992-1993Ruthless!
4%
TV Show2009Top Chef
4%

Score Distribution

Percentile by Number Answered

Percent of People with Each Score

Your Score History

You have not taken this quiz since the last reset